000 00675nam a2200265Ia 4500
005 20260324152903.0
008 008 260324s9999 xx 000 0 eng d
020 _a9780857098054
037 _aEBOOK
040 _aCRL
040 _beng
040 _cCRL
041 _2eng
041 _aeng
084 _qCRL
100 _aWong, W K
_91229951
245 0 _aFashion Supply Chain Management Using Radio Frequency Identification (Rfid) Technologies
260 _bElsevier
260 _c2014
650 _aEngineering
856 _uhttps://www.sciencedirect.com/science/book/9780857098054
942 _cEBOOK
999 _c1841000
_d1841000